MDQL
is popping MORE tags! Check the
thread
!
Quizzes
Events
Quiz Creation
Community
Videos
Private Events
Remove Ads
Sign In
Join for FREE
Feedback
Dark Mode
Quiz Categories
Sports
Geography
Music
Movies
Television
Just For Fun
Miscellaneous
History
Literature
Language
Science
Gaming
Entertainment
Religion
Holiday
For Kids
Quiz Lab
Recent
Popular Today
Quiz Kudos Today
Editor Picks
Curator Picks
Quizzes by...
Day
Popularity
Type
Ratings
Length
Year
Community
Subscriptions
Recent Discussions
Orange Saloon
Badges
Playlists
Quests
Create
Leaderboards
Showdown
Live 5
Trivia Bingo
Activity
Puzzle Library
Sporcle Events
Private Events
Virtual Trivia
Globe League
Become a Host
Pub Owners
SporcleCon
Opinionation
Our Games
Videos
Blog
Mobile Apps
Partnerships
Remove Ads and Go Orange
Feedback
Gaming
Video Games
Board Games
Card Games
Pokémon
Mario
Nintendo
Minecraft
Console
Toys
Legend of Zelda
Gaming
Video Games
Board Games
Card Games
Pokémon
Mario
Nintendo
Minecraft
Console
Toys
Legend of Zelda
Random Quiz
Search Sporcle
×
Quiz Lab
Quiz Lab
Gaming
Video Games
Type in answers that appear in a list
Type in answers that appear in a list
Classic
Best Score? Go Orange.
Video Game by Anagram Stats
Can you name the Video Game by Anagram?
By
lexprod
10m
20 Questions
334 Plays
334 Plays
334 Plays
Comments
Comments
Give Quiz Kudos
Give Quiz Kudos
-
- Ratings
hide this ad
More Info
Random Order
Randomize order of answers
Randomize order of answers
Replay
Link that replays current quiz
Next Quiz
Link to next quiz in quiz playlist
You Got
0%
They Got
Avg Score
30%
Avg Friend Score
Upgrade to see
Score Distribution
Jump to the score distribution portion of the page
Score
0/20
Timer
10:00
0
Plays Today
Anagram
Title
% Correct
Map Can
Pac-Man
73.4%
Fat Sly Fan Ian
Final Fantasy
51.2%
Rip My Aorta
Mario Party
49.4%
Poser
Spore
48.5%
Register Theft
Street Fighter
48.5%
Karma Tomb Lot
Mortal Kombat
45.5%
A Telegram
Metal Gear
39.5%
Go as We Frag
Gears of War
34.4%
Godfather Taunt
Grand Theft Auto
34.1%
Maid Robert
Tomb Raider
30.5%
Anagram
Title
% Correct
Dockyard Dinging
Diddy Kong Racing
24.9%
My Axe Nap
Max Payne
21.9%
Satanic Veal
Castlevania
20.1%
Decent Pie
Centipede
19.5%
Accordion Baths
Crash Bandicoot
12.6%
No Spank Poem
Pokemon Snap
11.7%
Weenie Perms
Minesweeper
11.1%
My Lacy Diver
Devil May Cry
10.5%
Chuck Toucher
Chu Chu Rocket
8.4%
Big Arena
Brain Age
5.7%
Quiz Playlist
Details
Report
Send in Message
Add To Playlist
More Info:
All titles are from the North American releases. The letter count is how many letters are in each word (EX: Super Mario Brothers would be 5, 5, 7).
Classic:
Type in answers that appear in a list
Random Order:
Randomize order of answers
Last Updated: Feb 16, 2017
Quiz Scoreboard
CHALLENGE
Sign Up to Join the Scoreboard
Show All
Scores
Hide
Comments
May contain spoilers
Recently Published
Street Fighter Characters
by Artimus82
Gaming
60s
9x9 Crossword: Cartoon Network
by jackfrog10
Miscellaneous
3m
College Basketball Coaching Resumes
by pancakes188
Sports
9m
More to Explore
Quiz From the Vault
Featured Blog Post
Where Did the Easter Bunny Come From?
hide this ad
You Might Also Like...
Tags
Board Games Quiz
Letter Quiz
Video Games Quiz
anagrams
count
Video
Today's Top Quizzes in Gaming
Browse Gaming
hide this ad
Today's Top Quizzes in Video Games
Browse Video Games
Top Contributed Quizzes in Gaming
1
5-to-1: Consoles
2
7-to-1: Board Game Piece Blitz
3
5-to-1: Legend of Zelda
4
League of Legends Pro Players by Career/Team History
5
Destiny 2 exotic weapons by perk icons
6
Ultimate Genshin Impact Logic Puzzle (up to 4.3)
7
Franchise by Action Figure
8
Who's on the WWE 2K24 Cover?
9
Genshin Impact Logic Puzzle Quiz
10
Order the Pokémon Regions
Explore More
Trending Topics
Crossword
Kpop
Harry Potter
Marvel
NBA
Disney
Anime
Pokémon
Puzzle
Soccer
The Office
NFL
Song
WWE
Country
hide this ad
More By:
lexprod
Quiz
Plays
Rating
Category
Featured
Created
Video Game by Anagram
334
Gaming
Apr 2, 2010
5 Letter Word Chain
203
3.17
Language
Apr 9, 2010
Youtube Song Covers
108
3.50
Music
Apr 6, 2010
United Nations Anagrams
84
5.00
Language
Aug 21, 2010
Weird Al's Hardware Store
22
Music
Mar 1, 2010
Go to Creator's Profile
Score Distribution
Quiz Creator Spotlight
lexprod
Follow
Send a Message
Quizzes Created
-
Created Quiz Play Count
-
More By This Creator
Popular Quizzes Today
1
Find the US States - No Outlines Minefield
2
Find the Countries of Europe - No Outlines Minefield
3
The Countries of the World
4
Find the US States
5
Risky Map Clicking: Biggest States A-Z
6
US States
7
Popular People in 1961
8
Movies - When Are They Set?
More Gaming Quizzes
Game System by Controller
Published
Trending Quizzes
Risky Map Clicking: Least Populous States A-Z
Countries of the World: 200 Million BC
Billboard Blitz: Aretha Franklin
1-10 Letter G Words
Famous Russians: Author or Composer?
Recently Updated
Leaping Animals
pecheneg
Reality TV Shows (A-Z)
bhenderson79
Rickey Henderson's Hall of Fame Teammates
pecheneg
Champions League XIs: Arsenal
pecheneg
Quick Pick: Celebrities in WWE's Hall of Fame
aduchscher
A-Z Keypad Blitz II
pecheneg
Multiple Oscar Actors
pecheneg
Mystery Phrase Blitz: Oscar 'Best Actors'
pecheneg
F. Scott Fitzgerald Novels
LTH
Pick 3 Villains
ddd62291
Trending Topics
Marvel
Harry Potter
Disney
Kpop
Crossword
Anime
NBA
Pokémon
Soccer
The Office
Song
Puzzle
NFL
WWE
Country
Your Account Isn't Verified!
In order to create a playlist on Sporcle, you need to verify the email address you used during registration. Go to your
Sporcle Settings
to finish the process.
Report this User
Report this user for behavior that violates our
Community Guidelines
.
Details:
Send Report
Go to the Sporcle.com Mobile Site →
Comments